[Event "SVK-chT2C 1617"]
[Site "Slovakia"]
[Date "2017.02.11"]
[Round "8.6"]
[White "Ondras, Michal"]
[Black "Rysian, Jozef"]
[Result "1-0"]
[WhiteElo "1924"]
[BlackElo "1947"]
[PlyCount "81"]
[EventDate "2016.10.08"]
[EventType "team-tourn"]
[EventRounds "11"]
[EventCountry "SVK"]
[SourceTitle "EXT 2018"]
[Source "ChessBase"]
[SourceDate "2017.10.13"]
[SourceVersion "1"]
[SourceVersionDate "2017.10.13"]
[SourceQuality "1"]
[WhiteTeam "Cadca Caissa"]
[BlackTeam "Podbrezova ZP Sport"]
[WhiteTeamCountry "SVK"]
[BlackTeamCountry "SVK"]

1. d4 d5 2. Nf3 f5 3. Nc3 e6 4. g3 Nf6 5. Bg2 c6 6. 0-0 Bd6 7. e3 0-0 8. Nd2 e5 9. dxe5 Bxe5 10. Ne2 Nbd7 11. Nf4 Nb6 12. Nd3 Bd6 13. f3 Qe8 14. Qe1 Qg6 15. e4 fxe4 16. fxe4 Re8 17. e5 Ng4 18. Nf3 Nc4 19. Bf4 Qh5 20. b3 Ncxe5 21. Bxe5 Bxe5 22. Ndxe5 Rxe5 23. Qd2 Re8 24. Rae1 Bd7 25. c4 Rad8 26. cxd5 cxd5 27. h3 Nf6 28. g4 Qf7 29. Ng5 Qf8 30. Bxd5+ Be6 31. Bxe6+ Rxe6 32. Nxe6 Rxd2 33. Nxf8 Kxf8 34. g5 Kf7 35. gxf6 gxf6 36. Rf2 Rd6 37. Rfe2 Rd7 38. Rf1 a6 39. Rf4 b5 40. Ref2 Rd6 41. Rh4 1-0

[Event "SVK-chT2C 1415"]
[Site "Slovakia"]
[Date "2015.03.07"]
[Round "10.4"]
[White "Straka, Jozef"]
[Black "Rysian, Jozef"]
[Result "0-1"]
[WhiteElo "2004"]
[BlackElo "1923"]
[PlyCount "96"]
[EventDate "2014.10.11"]
[EventType "team-tourn"]
[EventRounds "11"]
[EventCountry "SVK"]
[SourceTitle "EXT 2016"]
[Source "ChessBase"]
[SourceDate "2015.10.08"]
[SourceVersion "1"]
[SourceVersionDate "2015.10.08"]
[SourceQuality "1"]
[WhiteTeam "Cadca Caissa II"]
[BlackTeam "Podbrezova ZP Sport"]
[WhiteTeamCountry "SVK"]
[BlackTeamCountry "SVK"]

1. d4 g6 2. c4 Bg7 3. Nc3 d6 4. Nf3 Nf6 5. Bg5 c6 6. e3 Qb6 7. Qd2 a5 8. Be2 a4 9. a3 0-0 10. 0-0 Bg4 11. h3 Bxf3 12. Bxf3 Nbd7 13. Bd1 Qa6 14. Be2 Rfd8 15. Qc2 Qa5 16. Bh4 e5 17. Ne4 Qc7 18. dxe5 dxe5 19. Rad1 Rf8 20. Nxf6+ Nxf6 21. Rd2 Rfd8 22. Rfd1 Rxd2 23. Rxd2 h6 24. Bf3 Qe7 25. e4 Qc5 26. Be2 g5 27. Bg3 Bf8 28. Bg4 Bd6 29. Bf5 Bc7 30. Rd3 b5 31. Rc3 Ba5 32. Rd3 bxc4 33. Rd1 Rb8 34. Kf1 Rb3 35. f3 Qb5 36. Rc1 c3+ 37. Qe2 Qxe2+ 38. Kxe2 cxb2 39. Rb1 Bc3 40. Be1 Bd4 41. Kd2 Rxa3 42. Kc2 c5 43. Bc8 c4 44. Ba6 c3 45. Bd3 Nd7 46. Kd1 Ra1 47. Kc2 Nc5 48. Bxc3 Bxc3 0-1

[Event "SVK-chT2C 1415"]
[Site "Slovakia"]
[Date "2014.11.08"]
[Round "3.3"]
[White "Kopera, Michal"]
[Black "Rysian, Jozef"]
[Result "1-0"]
[WhiteElo "2131"]
[BlackElo "1923"]
[PlyCount "77"]
[EventDate "2014.10.11"]
[EventType "team-tourn"]
[EventRounds "11"]
[EventCountry "SVK"]
[SourceTitle "EXT 2016"]
[Source "ChessBase"]
[SourceDate "2015.10.08"]
[SourceVersion "1"]
[SourceVersionDate "2015.10.08"]
[SourceQuality "1"]
[WhiteTeam "Zilina Mladost II"]
[BlackTeam "Podbrezova ZP Sport"]
[WhiteTeamCountry "SVK"]
[BlackTeamCountry "SVK"]

1. e4 e5 2. Nf3 Nc6 3. Bc4 Bc5 4. c3 d6 5. d4 exd4 6. cxd4 Bb4+ 7. Bd2 Bxd2+ 8. Nbxd2 Bg4 9. Qb3 Na5 10. Bxf7+ Kf8 11. Qc3 Kxf7 12. Qxa5 Nf6 13. e5 Re8 14. 0-0 Bxf3 15. Nxf3 dxe5 16. dxe5 Nd5 17. Rfe1 c6 18. Qa4 h6 19. a3 Qb6 20. Qc2 Re7 21. Nh4 Kg8 22. Nf5 Re6 23. Re4 Rae8 24. Rae1 Qc7 25. Nd6 Rf8 26. g3 Qe7 27. f4 Rg6 28. Kf2 Nxf4 29. Rxf4 Rxf4+ 30. gxf4 Qh4+ 31. Kf3 Rg4 32. Qc4+ Kh7 33. Re2 Qh3+ 34. Ke4 Qf1 35. Ke3 Qg1+ 36. Kd2 b5 37. Qe4+ Kg8 38. e6 Qc5 39. Qe5 1-0

[Event "SVK-chT2C 1415"]
[Site "Slovakia"]
[Date "2014.10.12"]
[Round "2.3"]
[White "Rysian, Jozef"]
[Black "Jacko, Vladimir1111"]
[Result "0-1"]
[WhiteElo "1923"]
[BlackElo "2269"]
[PlyCount "66"]
[EventDate "2014.10.11"]
[EventType "team-tourn"]
[EventRounds "11"]
[EventCountry "SVK"]
[SourceTitle "EXT 2016"]
[Source "ChessBase"]
[SourceDate "2015.10.08"]
[SourceVersion "1"]
[SourceVersionDate "2015.10.08"]
[SourceQuality "1"]
[WhiteTeam "Podbrezova ZP Sport"]
[BlackTeam "Liptovska Stiavnica"]
[WhiteTeamCountry "SVK"]
[BlackTeamCountry "SVK"]

1. e4 c5 2. f4 d5 3. exd5 Nf6 4. c4 e6 5. Nc3 exd5 6. Qe2+ Be7 7. cxd5 0-0 8. Qf3 Bg4 9. Qg3 Bf5 10. Bd3 Nxd5 11. Qf3 Bxd3 12. Qxd3 Nxf4 13. Qxd8 Rxd8 14. g3 Nd3+ 15. Ke2 Nc6 16. Nf3 Bf8 17. Rf1 Rd7 18. a3 c4 19. Kd1 Re8 20. Ne2 Na5 21. Rb1 Nb3 22. h4 g6 23. g4 Bg7 24. h5 Red8 25. Ng3 Ndxc1 26. Rxc1 Nxd2 27. Nxd2 Rxd2+ 28. Ke1 b5 29. hxg6 hxg6 30. g5 Bxb2 31. Rb1 c3 32. Ne4 Re8 33. Rf4 Rd4 0-1

[Event "SVK-chT2C 0607"]
[Site "Slovakia"]
[Date "2006.10.15"]
[Round "2.3"]
[White "Kollar, Vladimir"]
[Black "Rysian, Jozef"]
[Result "1-0"]
[WhiteElo "2023"]
[BlackElo "1687"]
[PlyCount "34"]
[EventDate "2006.10.14"]
[EventType "team-tourn"]
[EventRounds "11"]
[EventCountry "SVK"]
[SourceTitle "EXT 2008"]
[Source "ChessBase"]
[SourceDate "2007.11.25"]
[SourceVersion "1"]
[SourceVersionDate "2007.11.25"]
[SourceQuality "1"]
[WhiteTeam "Zilina Central"]
[BlackTeam "Podbrezova ZP Sport"]
[WhiteTeamCountry "SVK"]
[BlackTeamCountry "SVK"]

1. d4 d5 2. Nf3 c5 3. e3 e6 4. c4 b6 5. Nc3 dxc4 6. Bxc4 Be7 7. d5 Nf6 8. e4 0-0 9. e5 Nxd5 10. Nxd5 exd5 11. Bxd5 Ba6 12. Bxa8 Qc7 13. Be4 f5 14. exf6 Bxf6 15. Qc2 g6 16. h4 Rf7 17. Ng5 Qc8 1-0

[Event "SVK-chT2C 0506"]
[Site "Slovakia"]
[Date "2006.02.12"]
[Round "9.7"]
[White "Rysian, Jozef"]
[Black "Zvarikova, Alexandra"]
[Result "0-1"]
[WhiteElo "1693"]
[BlackElo "1831"]
[PlyCount "138"]
[EventDate "2005.10.22"]
[EventType "team-tourn"]
[EventRounds "11"]
[EventCountry "SVK"]
[SourceTitle "EXT 2009"]
[Source "ChessBase"]
[SourceDate "2008.11.26"]
[SourceVersion "1"]
[SourceVersionDate "2008.11.26"]
[SourceQuality "1"]

1. e4 e6 2. d4 d5 3. Bd3 Nf6 4. Bg5 Be7 5. Nc3 Nxe4 6. Bxe7 Nxc3 7. Qg4 Kxe7 8. bxc3 Kf8 9. Ne2 Nd7 10. Qg3 Nf6 11. 0-0 Qd6 12. f4 c5 13. c4 cxd4 14. cxd5 Qxd5 15. Rac1 Bd7 16. c4 Qc5 17. Kh1 Bc6 18. Ng1 h5 19. Nf3 Ng4 20. Ne5 Ne3 21. Rf2 h4 22. Qg5 Qe7 23. h3 Rc8 24. Rb1 b6 25. a4 Bxa4 26. Ra1 Qe8 27. f5 exf5 28. Rxf5 Nxf5 29. Qxf5 Rc5 30. Re1 Kg8 31. Qf4 f6 32. Nf3 Qd8 33. Nxd4 Re5 34. Rxe5 fxe5 35. Qxe5 Rh6 36. Be4 Qd6 37. Bd5+ Kh8 38. Qg5 Qf6 39. Qg4 Qf1+ 40. Kh2 Qf8 41. Nf5 Bd7 42. Be4 Bxf5 43. Bxf5 Qd6+ 44. Kg1 Qe5 45. Be4 Qc5+ 46. Kh2 a5 47. Bd5 Qc7+ 48. Kh1 Qd8 49. Qf3 Qe7 50. Qf5 Qe1+ 51. Kh2 Qg3+ 52. Kh1 Qb8 53. Qd7 Rf6 54. Bf3 Qd6 55. Qe8+ Rf8 56. Qh5+ Qh6 57. Qd5 Qc1+ 58. Kh2 Qf4+ 59. Kh1 Qf6 60. Qh5+ Qh6 61. Qd5 Re8 62. Qd4 Qf6 63. Qf2 Qa1+ 64. Kh2 Qe5+ 65. g3 hxg3+ 66. Qxg3 Qxg3+ 67. Kxg3 Rc8 68. Bd5 Rc5 69. Be6 a4 0-1

[Event "SVK-chT2C 0506"]
[Site "Slovakia"]
[Date "2006.02.11"]
[Round "8.7"]
[White "Rzeszoto, Rastislav"]
[Black "Rysian, Jozef"]
[Result "0-1"]
[WhiteElo "1985"]
[BlackElo "1693"]
[PlyCount "62"]
[EventDate "2005.10.22"]
[EventType "team-tourn"]
[EventRounds "11"]
[EventCountry "SVK"]
[SourceTitle "EXT 2009"]
[Source "ChessBase"]
[SourceDate "2008.11.26"]
[SourceVersion "1"]
[SourceVersionDate "2008.11.26"]
[SourceQuality "1"]

1. d4 d5 2. c4 c6 3. Nc3 Nf6 4. Nf3 g6 5. Bf4 Bg7 6. Qd2 Bg4 7. Ne5 Be6 8. cxd5 Nxd5 9. Nxd5 Qxd5 10. f3 0-0 11. e3 Qd8 12. Bd3 Nd7 13. Ng4 Bxg4 14. fxg4 e5 15. dxe5 Qh4+ 16. g3 Qxg4 17. Be2 Qe6 18. Qd6 Bxe5 19. Qxe6 fxe6 20. Bh6 Bxb2 21. Rb1 Bc3+ 22. Kd1 Rf2 23. Rxb7 Rd8 24. Rxa7 Ne5+ 25. Kc2 Rxe2+ 26. Kxc3 Rd3+ 27. Kb4 Rb2+ 28. Ka4 Rxa2+ 29. Kb4 Rxa7 30. Rf1 Nf7 31. Kc5 Nxh6 0-1